[Event "IND-ch Challengers 54th"]
[Site "Noida"]
[Date "2016.07.12"]
[Round "5"]
[White "Saikat, Dutta"]
[Black "Gomes, Mary Ann"]
[Result "0-1"]
[WhiteElo "1781"]
[BlackElo "2301"]
[PlyCount "62"]
[EventDate "2016.07.09"]
[EventType "swiss"]
[EventRounds "13"]
[EventCountry "IND"]
[SourceTitle "CBM 173 Extra"]
[Source "ChessBase"]
[SourceDate "2016.08.29"]
[SourceVersion "1"]
[SourceVersionDate "2016.08.29"]
[SourceQuality "1"]

1. e4 c5 2. Nf3 a6 3. d4 cxd4 4. Nxd4 e5 5. Nb3 h6 6. Be3 Nf6 7. f3 d5 8. exd5 Nxd5 9. Bf2 Be6 10. Be2 Nc6 11. 0-0 Qg5 12. h4 Qg6 13. Bd3 f5 14. Qe1 Nf4 15. Bg3 Nxd3 16. cxd3 f4 17. Bh2 Bxb3 18. axb3 Bc5+ 19. Kh1 0-0 20. Qe4 Qd6 21. Nc3 Bd4 22. g4 fxg3 23. Bxg3 Rad8 24. Rad1 Qe6 25. Kg2 Qxb3 26. Kh3 Bxc3 27. bxc3 Qxc3 28. Rg1 Qd4 29. Qg6 Rxf3 30. Kh2 Rf7 31. Rg2 e4 0-1